| 000 | 01665nam a2200421 a 4500 | ||
|---|---|---|---|
| 001 | 000022819 | ||
| 005 | 20240305082246.0 | ||
| 008 | 101118s1989 pr c r 000 0 spa d | ||
| 040 |
_aDO-SdBNP _bspa _cBNPHU |
||
| 082 |
_a928.6195 _bM828h |
||
| 100 | 1 |
_aMorales Carrión, Arturo _946878 |
|
| 245 | 1 | 0 |
_aArturo Morales Carrión : _bhomenaje al historiador y humanista, ensayos de historia y literatura de Puerto Rico y el Caribe. |
| 260 |
_aSan Juan, Puerto Rico : _bCentro de Estudios Avanzados de Puerto Rico y el Caribe, _c1989. _eSanto Domingo : _fCorripio |
||
| 300 |
_a302 p. : _bretrs. ; _c23 cm. |
||
| 504 | _aIncluye referencias bibliográficas y notas al pie de las páginas. | ||
| 600 | 1 | 0 |
_aMORALES CARRIÓN, ARTURO, _d1913-1989 _946879 |
| 650 | 4 |
_aHistoriadores _zPuerto Rico _xBiografías _946880 |
|
| 700 | 1 |
_aRivera Quiñones, Eladio _946881 |
|
| 700 | 1 |
_aTorrech, Rafael _946882 |
|
| 700 | 1 |
_aTió, Aurelio _921140 |
|
| 700 | 1 |
_aRodríguez Bou, Ismael _930011 |
|
| 700 | 1 |
_aAlegría, Ricardo E. _916236 |
|
| 700 | 1 |
_aAlvarado Morales, Manuel _946883 |
|
| 700 | 1 |
_aGonzález Vales, Luís _946884 |
|
| 700 | 1 |
_aPérez Ruíz, José A. _946885 |
|
| 700 | 1 |
_aDelgado Cintrón, Carmelo _946886 |
|
| 700 | 1 |
_aDíaz, Luis Edgardo _946887 |
|
| 700 | 1 |
_aBabín, María Teresa _939759 |
|
| 700 | 1 |
_aBalseiro, José A. _946888 |
|
| 700 | 1 |
_aMarrero, Leví _946889 |
|
| 700 | 1 |
_aColorado, Antonio J. _940663 |
|
| 700 | 1 |
_aPérez Memén, Fernando, _d1943- _938744 |
|
| 700 | 1 |
_aArrillaga Torréns, Rafael _916237 |
|
| 700 | 1 |
_aCaro Costa, Aida _946890 |
|
| 700 | 1 |
_aTorres Oliver, Luis J. _946891 |
|
| 700 | 1 |
_aRamos, Demetrio _946892 |
|
| 049 | _aBNGR | ||
| 999 |
_c22316 _d22316 |
||